000
00275nam a2200121Ia 4500
005
20251222155044.0
008
251222s9999||||xx |||||||||||||| ||spa||
082
_a
REL.203.1-3/Ej.2
245
0
_a
Biblia de América
250
_a
2da. ed.
264
_b
Paulinas
942
_c
LIB
999
_c
37015
_d
37015